000 00278nam a22001217a 4500
008 170714b xxu||||| |||| 00| 0 eng d
041 _aeng
080 _a038
100 _a24
101 _aFJA
245 _aBRITANICA WORLD LANGUAGE DICTIONARY
_cWACNALS.W
942 _2udc
_cBK
999 _c20983
_d20983